Studies in probability and statistics : papers in honour of Edwin J. G. Pitman /
Guardado en:
| Otros Autores: | , |
|---|---|
| Formato: | Libro |
| Idioma: | English |
| Publicado: |
Amsterdam ; New York :
North-Holland,
[1976]
|
| Materias: | |
| Etiquetas: |
Agregar Etiqueta
Sin Etiquetas, Sea el primero en etiquetar este registro!
|
| LEADER | 02029cam a2200277 a 4500 | ||
|---|---|---|---|
| 001 | MAT.inmabb005848 | ||
| 008 | 761019s1976####ne#######b####000#0#eng## | ||
| 005 | 20160601175245.0 | ||
| 245 | 0 | 0 | |a Studies in probability and statistics : |b papers in honour of Edwin J. G. Pitman / |c edited by E. J. Williams. |
| 260 | |a Amsterdam ; |a New York : |b North-Holland, |c [1976] | ||
| 300 | |a 171 p. ; |c 27 cm. | ||
| 500 | |a Sole distributors for the U.S.A.: American Elsevier. | ||
| 504 | |a Bibliography of E. J. G. Pitman: p. 11. | ||
| 504 | |a Incluye referencias bibliográficas. | ||
| 505 | 0 | |a Williams, E. J. E. J. G. Pitman, a tribute. -- Lancaster, H. O. Multivariate binomial distributions. -- Pakes, A. G. Some limit theorems for Markov chains with applications to branching processes. -- Pitman, J. W. An identity for stopping times of a Markov process. -- Thornett, M. L. Models of topographic variation. -- Westcott, M. On the existence of a generalized shat noise process. -- Brown, B. M. A sequential procedure for diffusion processes. -- Noether, G. D. Distribution-free confidence intervals based on linear rank statistics. -- Robbins, H. E. and Siegmund, D. Sequential estimation of p in Bernoulli trials. -- Sprent, P. Modified likelihood estimation of a linear relationship. -- Watson, G. S. Optimal invariant tests for uniformity. -- Atkinson, M. J. The use of mathematical models in enzyme kinetics. -- Becker, N. G. On assessing the progress of epidemics. -- Cross, J. J. Statistical estimation in elasticity theory. -- Hasofer, A. M. The upcrossing rate of a class of stochastic processes. -- McNeil, D. R. Mathematical models in ecology. | |
| 510 | 4 | |a MR, |c 53 #14735 | |
| 020 | |a 0720404347 | ||
| 700 | 1 | |a Pitman, Edwin J. G. | |
| 700 | 1 | |a Williams, E. J. |q (Evan James) |4 edt | |
| 650 | 0 | |a Probabilities. | |
| 650 | 0 | |a Mathematical statistics. | |
| 600 | 1 | 0 | |a Pitman, Edwin J. G. |x Bibliography. |
| 084 | |a 62-06 (60-06) |2 MR | ||
| 010 | |a 76376996 | ||
| 040 | |a DLC |c DLC |d DLC | ||
| 859 | |h 62 |i St933 |p A-4921 |b BIB. MATEMATICA | ||
